000 00743nam a2200241Ia 4500
003 OSt
005 20220923220612.0
006 a|||||r|||| 00| 0
007 ta
008 220922b |||||||| |||| 00| 0 hin d
024 _a187,884
037 _cTextual
040 _aARTS
_cARTS
_bhin
041 _2hin
_ahin
082 _aV231:1M, 152L3
100 _aशर्मा, मथुरालाल
245 0 _aमराठों का संक्षिप्त इतिहास
246 _aMarāṭhoan kā sankṣpunta itihāsa
260 _c1973
650 _aविश्व-इतिहास
942 _hV231:1M, 152L3
_cTEXL
_2CC
999 _c340960
_d340960